LIBRARY ONLINE CATALOGUE

A Knock at midnight : (Record no. 11313)

MARC details
000 -LEADER
fixed length control field 00804nam a22002292 4500
001 - CONTROL NUMBER
control field 0000020048
005 - DATE AND TIME OF LATEST TRANSACTION
control field 20151217154438.0
008 - FIXED-LENGTH DATA ELEMENTS--GENERAL INFORMATION
fixed length control field 110530s xx 000 0 eng d
020 ## - INTERNATIONAL STANDARD BOOK NUMBER
International Standard Book Number 0349112015 :
040 ## - CATALOGING SOURCE
Original cataloging agency KABU
Transcribing agency KABU
100 1# - MAIN ENTRY--PERSONAL NAME
Personal name King, Martin Luther.
-- 0000180094
245 12 - TITLE STATEMENT
Title A Knock at midnight :
Remainder of title inspiration from the great sermons of Reverend Martin Luther King, Jr. /
Statement of responsibility, etc. edited by Clayborne Carson & Peter Holloran.
250 ## - EDITION STATEMENT
Edition statement 1st ed.
260 ## - PUBLICATION, DISTRIBUTION, ETC. (IMPRINT)
Place of publication, distribution, etc. New York :
Name of publisher, distributor, etc. Warner Books,
Date of publication, distribution, etc. 2000.
300 ## - PHYSICAL DESCRIPTION
Extent xx, 254 p.
650 #0 - SUBJECT ADDED ENTRY--TOPICAL TERM
Topical term or geographic name as entry element Sermons, American
General subdivision African American authors.
-- 0000180095
700 1# - ADDED ENTRY--PERSONAL NAME
Personal name Carson, Clayborne.
-- 0000148755
700 1# - ADDED ENTRY--PERSONAL NAME
Personal name Holloran, Peter.
-- 0000063738
852 1# - LOCATION
-- p1100 KES
908 ## - PUT COMMAND PARAMETER (RLIN)
Put command parameter 110530
950 ## - LOCAL HOLDINGS (RLIN)
-- 1
Holdings
Withdrawn status Lost status Source of classification or shelving scheme Not for loan Home library Current library Date acquired Total Checkouts Full call number Barcode Date last seen Price effective from Koha item type
    Library of Congress Classification   Kabarak, Main Campus Kabarak, Main Campus 17/12/2015   BV4241.5 .K56 2000 c. 1 18944 18/05/2016 17/12/2015 General Collection